Introduction to cost accounting (Record no. 469340)

MARC details
000 -LEADER
fixed length control field 00511nam a2200193Ia 4500
008 - FIXED-LENGTH DATA ELEMENTS--GENERAL INFORMATION
fixed length control field 210417s9999 xx 000 0 und d
020 ## - INTERNATIONAL STANDARD BOOK NUMBER
International Standard Book Number 9781680940381
-- 1680940384
082 ## - DEWEY DECIMAL CLASSIFICATION NUMBER
Classification number 658.1511 BRE
Item number 22.658.1511 BRE
245 #0 - TITLE STATEMENT
Title Introduction to cost accounting
Statement of responsibility, etc. Introduction to cost accounting
250 ## - EDITION STATEMENT
Remainder of edition statement "268 p. : ill. ; 25 cm., hbk."
260 ## - PUBLICATION, DISTRIBUTION, ETC.
Place of publication, distribution, etc. New York
Name of publisher, distributor, etc. Arcler Press
Date of publication, distribution, etc. 2016
700 ## - ADDED ENTRY--PERSONAL NAME
Personal name "Bernnan, Joshua"
Numeration Joshua Bernnan

No items available.

Find us on the map